La Comarca de muntanya com a entitat local
Descripción Física:
60 p. : amb map. ; 30 cm
MARC
| LEADER | 00000nam a2200000Ia 4500 | ||
|---|---|---|---|
| 001 | 1890 | ||
| 008 | 160829s1984 xx 000 0 cat d | ||
| 080 | |a C-2-142 | ||
| 245 | |a La Comarca de muntanya com a entitat local | ||
| 260 | |a Barcelona : |b Diputació de Barcelona. Servei de Parcs Naturals, |c 1984 | ||
| 300 | |a 60 p. : |b amb map. ; |c 30 cm | ||
| 650 | |a Alta Muntanya |x Dret i legislació |9 37083 | ||
| 650 | |a Comarques |x Catalunya |9 29217 | ||
| 710 | |a Barcelona (Catalunya : Província). |b Servei de Parcs Naturals |9 53492 | ||
| 901 | |a Arxiu | ||
| 942 | |n 1 | ||
| 952 | |0 0 |1 0 |4 0 |6 C2142 |7 1 |9 47642 |a Arxiu |b Arxiu |d 2016-12-01 |l 0 |o C-2-142 |p 1890 |r 2016-12-01 00:00:00 |w 2016-12-01 |y ARXIU | ||
| 999 | |c 51441 |d 51441 | ||